[Event "55th Hoogovens it"]
[Site "Wijk aan Zee NED"]
[Date "1993.01.??"]
[Round "1.1"]
[White "Lobron, Eric"]
[Black "Van der Sterren, Paul"]
[Result "1-0"]
[WhiteElo "2620"]
[BlackElo "2490"]
[EventDate "1993.01.14"]
[PlyCount "77"]

1. d4 Nf6 2. c4 e6 3. Nf3 d5 4. Nc3 Be7 5. Bg5 h6 6. Bh4 O-O 7. e3 b6 8. Be2 Bb7 9. Bxf6 Bxf6 10. cxd5 exd5 11. b4 c6 12. O-O a5 13. bxa5 Rxa5 14. Rb1 c5 15. Qb3 cxd4 16. exd4 Nd7 17. Bb5 Nb8 18. a4 Nc6 19. Rfd1 Ne7 20. Bd3 Bc6 21. Re1 Bd7 22. h3 Nc6 23. Nb5 Be6 24. Bc2 Qd7 25. Ne5 Bxe5 26. dxe5 d4 27. Qd3 g6 28. Qg3 Kg7 29. Rbd1 Bf5 30. Bxf5 Qxf5 31. Nxd4 Nxd4 32. Rxd4 Re8 33. f4 Qc2 34. Ree4 Rd5 35. Kh2 Rxd4 36. Rxd4 Qc5 37. Rd6 Re7 38. Qh4 Qe3 39. Qf6+ 1-0

[Event "55th Hoogovens it"]
[Site "Wijk aan Zee NED"]
[Date "1993.01.??"]
[Round "1.2"]
[White "Van der Sterren, Paul"]
[Black "Lobron, Eric"]
[Result "1-0"]
[WhiteElo "2490"]
[BlackElo "2620"]
[EventDate "1993.01.14"]
[PlyCount "109"]

1. Nf3 c5 2. c4 Nc6 3. Nc3 g6 4. e3 Bg7 5. d4 d6 6. d5 Ne5 7. Nxe5 Bxe5 8. Bd3 f5 9. Bd2 Nh6 10. e4 f4 11. g3 O-O 12. Qc1 g5 13. gxf4 gxf4 14. Ne2 Kh8 15. Nxf4 Qe8 16. Ne6 Bxe6 17. Bxh6 Bg4 18. Bxf8 Qxf8 19. Be2 Bd4 20. f3 Qf6 21. fxg4 Bxb2 22. Qe3 Bxa1 23. Rf1 Qc3+ 24. Qxc3+ Bxc3+ 25. Kd1 Bf6 26. Bd3 Kg7 27. Rf5 h6 28. Ke2 Rf8 29. Kf3 Bc3 30. Rxf8 Kxf8 31. h4 Bd2 32. e5 dxe5 33. Ke4 Be1 34. g5 h5 35. Be2 Bxh4 36. Kf5 Kg7 37. Bxh5 Bg3 38. Bf3 Bf4 39. Be4 Bg3 40. Ke6 Bf4 41. Kxe7 Bxg5+ 42. Ke8 Kh6 43. d6 Kh5 44. Bxb7 Kg4 45. d7 Kf4 46. Bg2 Kg3 47. Bh1 Kf2 48. d8=Q Bxd8 49. Kxd8 Ke3 50. Bg2 Kd4 51. Bf1 a5 52. Kc7 a4 53. Kb6 a3 54. Kb5 e4 55. Ka4 1-0

[Event "55th Hoogovens it"]
[Site "Wijk aan Zee NED"]
[Date "1993.01.??"]
[Round "1.3"]
[White "Van der Sterren, Paul"]
[Black "Lobron, Eric"]
[Result "0-1"]
[WhiteElo "2490"]
[BlackElo "2620"]
[EventDate "1993.01.14"]
[PlyCount "62"]

1. Nf3 Nf6 2. c4 e6 3. Nc3 Bb4 4. g3 Bxc3 5. bxc3 c5 6. Bg2 Nc6 7. O-O O-O 8. d4 d6 9. dxc5 dxc5 10. Bf4 Qa5 11. Qc2 h6 12. Rfd1 Bd7 13. a4 Rfd8 14. h3 Be8 15. Rxd8 Rxd8 16. g4 Qa6 17. Ne5 Nxe5 18. Bxe5 Qxc4 19. Bxf6 gxf6 20. Bxb7 Rb8 21. Bf3 Rb3 22. Qd1 Kg7 23. a5 Rxc3 24. Rb1 a6 25. Kg2 Qd4 26. Qxd4 cxd4 27. Rb6 Bb5 28. Bb7 Bxe2 29. Bxa6 Bf3+ 30. Kh2 d3 31. Rd6 Bd5 0-1

[Event "55th Hoogovens it"]
[Site "Wijk aan Zee NED"]
[Date "1993.01.??"]
[Round "1.4"]
[White "Lobron, Eric"]
[Black "Van der Sterren, Paul"]
[Result "1/2-1/2"]
[WhiteElo "2620"]
[BlackElo "2490"]
[EventDate "1993.01.14"]
[PlyCount "96"]

1. d4 Nf6 2. c4 g6 3. Nc3 Bg7 4. e4 O-O 5. Nf3 d6 6. Be2 Bg4 7. Be3 Nc6 8. O-O Re8 9. d5 Bxf3 10. Bxf3 Ne5 11. Be2 c6 12. f4 Ned7 13. Kh1 a6 14. Bf3 Rc8 15. dxc6 bxc6 16. c5 Nxc5 17. Bxc5 dxc5 18. e5 Nd7 19. Qe2 Qa5 20. e6 Nf6 21. exf7+ Kxf7 22. f5 gxf5 23. Bh5+ Nxh5 24. Qxh5+ Kg8 25. Rxf5 Rf8 26. Raf1 Qb4 27. Qe2 Qh4 28. g3 Qh6 29. Qxe7 Rxf5 30. Rxf5 Rf8 31. Rxf8+ Bxf8 32. Qe2 Qh3 33. Qxa6 h5 34. Qe2 Kf7 35. Ne4 Be7 36. a4 Kg6 37. a5 Qe6 38. a6 Qa2 39. Nc3 Qa1+ 40. Kg2 Bf6 41. Qe8+ Kg7 42. Qd7+ Kh6 43. Qd2+ Kh7 44. Qd7+ Kg8 45. Qe8+ Kg7 46. Qd7+ Kf8 47. Qd6+ Kf7 48. Qd7+ Kg6 1/2-1/2

[Event "55th Hoogovens it"]
[Site "Wijk aan Zee NED"]
[Date "1993.01.??"]
[Round "1.1"]
[White "Oll, Lembit"]
[Black "Wolff, Patrick"]
[Result "1/2-1/2"]
[WhiteElo "2585"]
[BlackElo "2580"]
[EventDate "1993.01.14"]
[PlyCount "53"]

1. d4 d5 2. c4 c6 3. Nc3 e6 4. e3 Nf6 5. Nf3 Nbd7 6. Bd3 dxc4 7. Bxc4 b5 8. Be2 b4 9. Na4 Bb7 10. O-O Be7 11. a3 bxa3 12. b3 c5 13. dxc5 Nxc5 14. Bb5+ Ncd7 15. Ne5 Qc7 16. Qd4 O-O 17. Nxd7 Rfd8 18. Bxa3 Bxa3 19. Nxf6+ gxf6 20. Qxf6 Be7 21. Qc3 Rac8 22. Qxc7 Rxc7 23. Bc4 Bd5 24. Bxd5 Rxd5 25. Rfc1 Rb7 26. Rab1 Rdb5 27. g3 1/2-1/2

[Event "55th Hoogovens it"]
[Site "Wijk aan Zee NED"]
[Date "1993.01.??"]
[Round "1.2"]
[White "Tukmakov, Volodymyr"]
[Black "Illescas Cordoba, Miguel"]
[Result "1/2-1/2"]
[WhiteElo "2605"]
[BlackElo "2615"]
[EventDate "1993.01.14"]
[PlyCount "55"]

1. d4 d5 2. c4 c6 3. Nf3 Nf6 4. Nc3 e6 5. Bg5 h6 6. Bxf6 Qxf6 7. e3 Nd7 8. a3 Qd8 9. Qc2 Be7 10. Bd3 a6 11. O-O O-O 12. Rac1 Rb8 13. Rfd1 b5 14. cxd5 cxd5 15. e4 dxe4 16. Bxe4 Bd6 17. g3 Qb6 18. Qe2 Nf6 19. Ne5 Bb7 20. Bxb7 Qxb7 21. Nd3 b4 22. axb4 Bxb4 23. Nc5 Bxc5 24. dxc5 Rfc8 25. Na4 Nd5 26. Rd4 Qc6 27. Rdc4 Rd8 28. Nc3 1/2-1/2

[Event "55th Hoogovens it"]
[Site "Wijk aan Zee NED"]
[Date "1993.01.??"]
[Round "1.3"]
[White "Tukmakov, Volodymyr"]
[Black "Illescas Cordoba, Miguel"]
[Result "1/2-1/2"]
[WhiteElo "2605"]
[BlackElo "2615"]
[EventDate "1993.01.14"]
[PlyCount "61"]

1. d4 d5 2. c4 c6 3. Nf3 Nf6 4. Nc3 e6 5. Bg5 h6 6. Bxf6 Qxf6 7. g3 Nd7 8. Bg2 dxc4 9. O-O e5 10. d5 Nb6 11. Nd2 cxd5 12. Nxd5 Nxd5 13. Bxd5 Be7 14. Nxc4 O-O 15. Qb3 Bh3 16. Rfd1 Bc5 17. Qf3 Rab8 18. Qxf6 gxf6 19. Rd3 Bg4 20. Kf1 b6 21. Rad1 Kg7 22. Ne3 Bxe3 23. Rxe3 Rbc8 24. Bb3 Rfd8 25. Ke1 Rxd1+ 26. Kxd1 Rd8+ 27. Ke1 Be6 28. Bxe6 fxe6 29. f4 exf4 30. Rxe6 fxg3 31. hxg3 1/2-1/2

[Event "55th Hoogovens it"]
[Site "Wijk aan Zee NED"]
[Date "1993.01.??"]
[Round "1.4"]
[White "Illescas Cordoba, Miguel"]
[Black "Tukmakov, Volodymyr"]
[Result "1-0"]
[WhiteElo "2615"]
[BlackElo "2605"]
[EventDate "1993.01.14"]
[PlyCount "119"]

1. c4 c5 2. Nf3 Nf6 3. Nc3 e6 4. g3 d5 5. cxd5 Nxd5 6. Bg2 Nc6 7. O-O Be7 8. Nxd5 exd5 9. d4 O-O 10. dxc5 Bxc5 11. Bg5 Qb6 12. Rc1 d4 13. Qc2 Bd6 14. Nd2 Be6 15. Nc4 Bxc4 16. Qxc4 h6 17. Bd2 Qxb2 18. Rfd1 Rac8 19. Rb1 Qa3 20. Bc1 Qc5 21. Qxc5 Bxc5 22. Rxb7 Nb4 23. Rd2 Rb8 24. a3 Rxb7 25. Bxb7 Rb8 26. Be4 Na6 27. Bd3 Nc7 28. Rc2 Ne6 29. Bf5 Bf8 30. Bb2 a5 31. Bxe6 fxe6 32. Bxd4 Bxa3 33. Rc7 Bf8 34. Ra7 Rb5 35. Bc3 Rb3 36. Bxa5 Ra3 37. Bb6 Rxa7 38. Bxa7 h5 39. Kg2 Kf7 40. Kf3 g6 41. Ke4 Bd6 42. Bd4 Bc7 43. h3 Bd6 44. g4 hxg4 45. hxg4 Bc7 46. Be5 Bb6 47. f3 Bc5 48. Kd3 Bb6 49. Kc4 Be3 50. Bd4 Bf4 51. Kb5 Bg3 52. Kc6 Bf4 53. Bc5 Bg3 54. Bd6 Bf2 55. Be5 Be3 56. Kd7 Bd2 57. e4 Be3 58. Bd6 Bd2 59. f4 Bc3 60. e5 1-0

[Event "55th Hoogovens it"]
[Site "Wijk aan Zee NED"]
[Date "1993.01.??"]
[Round "1.1"]
[White "Christiansen, Larry"]
[Black "Kortschnoj, Viktor"]
[Result "1/2-1/2"]
[WhiteElo "2620"]
[BlackElo "2605"]
[EventDate "1993.01.14"]
[PlyCount "82"]

1. d4 Nf6 2. c4 e6 3. Nf3 Bb4+ 4. Bd2 Qe7 5. g3 b6 6. Bg2 Bb7 7. O-O Bxd2 8. Qxd2 O-O 9. Nc3 d5 10. cxd5 exd5 11. Rac1 Nc6 12. Rfd1 Rfe8 13. Nh4 Qd7 14. Qf4 Ne7 15. b4 Rac8 16. a4 Ne4 17. b5 Nd6 18. Nf3 Ng6 19. Qd2 Ne4 20. Qb2 Nxc3 21. Rxc3 c5 22. h4 Qe7 23. e3 Nf8 24. Ne5 Ne6 25. Rcc1 Red8 26. Qa1 f6 27. Nc6 Bxc6 28. bxc6 Rxc6 29. dxc5 Rxc5 30. Rxc5 Qxc5 31. Qa2 Qc4 32. Qb1 g6 33. h5 Kg7 34. a5 bxa5 35. hxg6 hxg6 36. Bxd5 Rxd5 37. Qb7+ Nc7 38. Rxd5 Qxd5 39. Qxc7+ Qf7 40. Qxa5 Qb7 41. e4 Qxe4 1/2-1/2

[Event "55th Hoogovens it"]
[Site "Wijk aan Zee NED"]
[Date "1993.01.??"]
[Round "1.2"]
[White "Kortschnoj, Viktor"]
[Black "Christiansen, Larry"]
[Result "0-1"]
[WhiteElo "2605"]
[BlackElo "2620"]
[EventDate "1993.01.14"]
[PlyCount "80"]

1. d4 Nf6 2. c4 e6 3. Nf3 b6 4. g3 Ba6 5. Nbd2 Bb4 6. a3 Bxd2+ 7. Nxd2 Nc6 8. e3 O-O 9. b4 Bb7 10. Bg2 d5 11. O-O dxc4 12. Nxc4 Na5 13. Nxa5 Bxg2 14. Kxg2 bxa5 15. bxa5 Qd5+ 16. f3 Qxa5 17. Bd2 Qa6 18. Bb4 Rfe8 19. Re1 Rad8 20. Qc2 Nd5 21. Bc5 h6 22. Rac1 Nb6 23. Bb4 Nd5 24. Bc5 Nb6 25. Kf2 e5 26. dxe5 Nd7 27. Red1 Nxe5 28. Bd4 Rd5 29. Qe2 Qe6 30. Bxa7 Ra5 31. Bc5 Qh3 32. Kg1 Qf5 33. Bb4 Nxf3+ 34. Kg2 Ng5 35. Bxa5 Qxa5 36. Qd3 Qa8+ 37. Qd5 Qxa3 38. h4 Rxe3 39. hxg5 Rxg3+ 40. Kf1 Qe3 0-1

[Event "55th Hoogovens it"]
[Site "Wijk aan Zee NED"]
[Date "1993.01.??"]
[Round "1.1"]
[White "Nikolic, Predrag"]
[Black "Van Wely, Loek"]
[Result "1/2-1/2"]
[WhiteElo "2630"]
[BlackElo "2560"]
[EventDate "1993.01.14"]
[PlyCount "103"]

1. d4 Nf6 2. c4 g6 3. Nf3 Bg7 4. g3 O-O 5. Bg2 d6 6. O-O Nbd7 7. Nc3 e5 8. e4 exd4 9. Nxd4 Re8 10. h3 a6 11. Rb1 Rb8 12. b4 Ne5 13. c5 dxc5 14. bxc5 Bxh3 15. Bxh3 Qxd4 16. Qxd4 Nf3+ 17. Kh1 Nxd4 18. Bf4 Ne6 19. Bxe6 Rxe6 20. Bxc7 Rc8 21. Bd6 Bf8 22. Rfc1 b5 23. a4 bxa4 24. f3 a3 25. Bxf8 Kxf8 26. Na4 g5 27. Ra1 g4 28. Rxa3 gxf3 29. Rxf3 Nxe4 30. Kg2 Rd8 31. Rc2 Rd4 32. c6 Rxa4 33. c7 Re8 34. c8=Q Rxc8 35. Rxc8+ Kg7 36. Rc2 Ng5 37. Rff2 h5 38. Ra2 Rb4 39. Rf4 Rb3 40. Rxa6 Rb2+ 41. Rf2 Rxf2+ 42. Kxf2 f6 43. Ke3 Kg6 44. Ra5 Ne6 45. Ke4 Ng5+ 46. Kd5 Nf7 47. Ra4 Nh6 48. Ke6 Nf5 49. Ra3 Ng7+ 50. Kd5 Nf5 51. Ke4 Ng7 52. Kf4 1/2-1/2

[Event "55th Hoogovens it"]
[Site "Wijk aan Zee NED"]
[Date "1993.01.??"]
[Round "1.2"]
[White "Van Wely, Loek"]
[Black "Nikolic, Predrag"]
[Result "0-1"]
[WhiteElo "2560"]
[BlackElo "2630"]
[EventDate "1993.01.14"]
[PlyCount "114"]

1. d4 d5 2. c4 c6 3. Nc3 Nf6 4. Nf3 dxc4 5. a4 Bg4 6. Ne5 Bh5 7. h3 Na6 8. g4 Bg6 9. e3 Nb4 10. Bxc4 Nd7 11. Nxg6 hxg6 12. Qf3 e6 13. Kf1 Be7 14. Kg2 g5 15. Bd2 Nf8 16. Qe4 Ng6 17. f4 gxf4 18. exf4 Nd5 19. Rhf1 Qd6 20. Bxd5 exd5 21. Qd3 f5 22. g5 Qd7 23. Ne2 O-O-O 24. b4 Kb8 25. Rab1 Rde8 26. b5 c5 27. dxc5 Bxc5 28. b6 d4 29. bxa7+ Ka8 30. Ng1 Qc6+ 31. Kg3 Re4 32. Rbc1 Qd6 33. Qb5 Bxa7 34. Qxf5 Ree8 35. Rfe1 Ref8 36. Qe6 Qa3+ 37. Nf3 Nxf4 38. Bxf4 Rxf4 39. Kxf4 Rf8+ 40. Ke5 Bb8+ 41. Kd5 Qxf3+ 42. Kc4 d3 43. Rc3 Rd8 44. Re3 Qf4+ 45. Re4 d2 46. Rxf4 d1=Q 47. Kb5 Bxf4 48. Rc8+ Rxc8 49. Qxc8+ Bb8 50. Qf5 Qb3+ 51. Kc5 Qxa4 52. Kd5 Qb5+ 53. Ke6 Qxf5+ 54. Kxf5 b5 55. h4 b4 56. Ke4 b3 57. Kd3 Be5 0-1

[Event "55th Hoogovens it"]
[Site "Wijk aan Zee NED"]
[Date "1993.01.??"]
[Round "2.1"]
[White "Azmaiparashvili, Zurab"]
[Black "Nunn, John Denis Martin"]
[Result "1/2-1/2"]
[WhiteElo "2655"]
[BlackElo "2580"]
[EventDate "1993.01.14"]
[PlyCount "122"]

1. c4 g6 2. e4 Bg7 3. d4 d6 4. Be3 Nf6 5. f3 O-O 6. Ne2 c5 7. d5 e6 8. Nec3 exd5 9. cxd5 Ne8 10. Bd3 Nd7 11. Nd2 f5 12. exf5 Ne5 13. Be2 Bxf5 14. O-O Nd3 15. Nde4 Bxe4 16. Nxe4 Nxb2 17. Qc2 c4 18. Rab1 c3 19. Nxc3 Rc8 20. Qxb2 Rxc3 21. Qd2 b6 22. Bb5 Nc7 23. Bc6 Qh4 24. Bf2 Qc4 25. Rbc1 Rf5 26. Rxc3 Bxc3 27. Qc2 Nxd5 28. Ba4 Kg7 29. Bb3 Qb4 30. Rb1 Bd4 31. Bxd5 Bxf2+ 32. Kf1 Qf4 33. Be4 Bc5 34. Bxf5 Qe3 35. Rb3 Qg1+ 36. Ke2 Qxg2+ 37. Kd3 Qxf3+ 38. Kc4 Qxf5 39. Qxf5 gxf5 40. Kd5 Kf6 41. Rh3 Kg6 42. Rg3+ Kf7 43. Rg2 b5 44. h4 a5 45. Rg5 Kf6 46. Rg8 a4 47. Ra8 Kg6 48. Kc6 b4 49. Kd5 b3 50. axb3 axb3 51. Rb8 Kh5 52. Rxb3 Kxh4 53. Rb7 h6 54. Rg7 h5 55. Rg8 Be3 56. Ke6 f4 57. Kd5 f3 58. Ke4 f2 59. Rf8 Bc5 60. Kd3 Kg4 61. Ke2 h4 1/2-1/2

[Event "55th Hoogovens it"]
[Site "Wijk aan Zee NED"]
[Date "1993.01.??"]
[Round "2.2"]
[White "Nunn, John Denis Martin"]
[Black "Azmaiparashvili, Zurab"]
[Result "1-0"]
[WhiteElo "2580"]
[BlackElo "2655"]
[EventDate "1993.01.14"]
[PlyCount "113"]

1. e4 d6 2. d4 Nf6 3. Nc3 g6 4. Be3 c6 5. Qd2 Nbd7 6. Nf3 Qa5 7. Bd3 e5 8. h3 Bg7 9. O-O O-O 10. a4 Re8 11. Rfd1 Qc7 12. a5 exd4 13. Bxd4 Nc5 14. e5 Nfd7 15. exd6 Qxd6 16. Bf1 Nf8 17. Bxg7 Qxd2 18. Nxd2 Kxg7 19. b4 Nce6 20. Nc4 Rd8 21. Ne4 Rb8 22. Ned6 Nc7 23. Ne5 Be6 24. c4 Ne8 25. Ne4 f6 26. Nf3 Bf7 27. Nd4 Rdc8 28. a6 b6 29. b5 cxb5 30. Nxb5 Ra8 31. Rac1 Rc6 32. g3 Rcc8 33. Bg2 Bxc4 34. Ned6 Nxd6 35. Nxd6 Bxa6 36. Ra1 Rab8 37. Rxa6 Rc7 38. Nb5 Rc5 39. Rxa7+ Kh6 40. Nd6 b5 41. Nf7+ Kg7 42. Ne5+ Kh8 43. Nd7 Rd8 44. Nxc5 Rxd1+ 45. Bf1 h5 46. Kg2 b4 47. Rb7 Rd5 48. Nd3 g5 49. Nxb4 Rd6 50. Bc4 h4 51. gxh4 Rd4 52. Bd3 Ne6 53. Bf5 Nf4+ 54. Kf3 Rc4 55. hxg5 fxg5 56. Nd3 Kg8 57. Bh7+ 1-0

[Event "55th Hoogovens it"]
[Site "Wijk aan Zee NED"]
[Date "1993.01.??"]
[Round "2.1"]
[White "Shirov, Alexei"]
[Black "Nikolic, Predrag"]
[Result "1/2-1/2"]
[WhiteElo "2670"]
[BlackElo "2630"]
[EventDate "1993.01.14"]
[PlyCount "74"]

1. d4 d5 2. c4 c6 3. Nf3 Nf6 4. Nc3 dxc4 5. a4 Bg4 6. Ne5 Bh5 7. f3 Nfd7 8. Nxc4 e5 9. e4 Qh4+ 10. g3 Qf6 11. dxe5 Qxf3 12. Nd6+ Kd8 13. Qxf3 Bxf3 14. Nxf7+ Ke8 15. e6 Nc5 16. Bc4 Bxh1 17. Nxh8 Bxe4 18. Bg5 Bf5 19. O-O-O Be7 20. Bxe7 Kxe7 21. Rf1 g6 22. g4 Bxe6 23. Bxe6 Kxe6 24. Rf8 a5 25. h4 b6 26. Kc2 Nca6 27. Ne4 Ra7 28. Ng5+ Kd5 29. Nhf7 Re7 30. Rh8 Nd7 31. Rxh7 Ne5 32. Nxe5 Rxh7 33. Nxh7 Kxe5 34. Nf8 Kf4 35. Nxg6+ Kxg4 36. Ne5+ Kxh4 37. Nxc6 Kg5 1/2-1/2

[Event "55th Hoogovens it"]
[Site "Wijk aan Zee NED"]
[Date "1993.01.??"]
[Round "2.2"]
[White "Illescas Cordoba, Miguel"]
[Black "Gelfand, Boris"]
[Result "1-0"]
[WhiteElo "2615"]
[BlackElo "2690"]
[EventDate "1993.01.14"]
[PlyCount "77"]

1. Nf3 Nf6 2. c4 g6 3. Nc3 Bg7 4. e4 d6 5. d4 O-O 6. Be2 e5 7. d5 a5 8. Bg5 h6 9. Bh4 Na6 10. Nd2 Qe8 11. O-O Nh7 12. a3 Bd7 13. Nb5 h5 14. f3 Bh6 15. Qc2 f5 16. exf5 gxf5 17. Kh1 Nf6 18. Rad1 Nxd5 19. Nxd6 cxd6 20. cxd5 b5 21. Nb3 b4 22. Nxa5 bxa3 23. Nc6 a2 24. Bc4 Kh8 25. Bxa2 Rc8 26. Qe2 Nb8 27. Bc4 Nxc6 28. dxc6 Rxc6 29. b3 Qg6 30. Be7 Re8 31. Rxd6 Qxd6 32. Bxd6 Rxd6 33. Rd1 Rd4 34. f4 Bc6 35. h3 Kh7 36. fxe5 Rxd1+ 37. Qxd1 Rxe5 38. Qxh5 Be8 39. Bf7 {Hansen,Cu} 1-0

[Event "55th Hoogovens it"]
[Site "Wijk aan Zee NED"]
[Date "1993.01.??"]
[Round "2.4"]
[White "Illescas Cordoba, Miguel"]
[Black "Gelfand, Boris"]
[Result "1-0"]
[WhiteElo "2615"]
[BlackElo "2690"]
[EventDate "1993.01.14"]
[PlyCount "144"]

1. d4 Nf6 2. c4 g6 3. Nc3 Bg7 4. e4 d6 5. Nf3 O-O 6. Be2 e5 7. O-O Na6 8. Re1 Qe8 9. Bf1 Bg4 10. d5 Nb4 11. Be2 a5 12. Be3 Nh5 13. a3 Na6 14. h3 Bd7 15. Nd2 Nf4 16. Bf1 Nc5 17. Nb3 b6 18. Nxc5 bxc5 19. Kh2 Qc8 20. Nb5 f5 21. g3 fxe4 22. gxf4 exf4 23. Bd2 e3 24. Bc3 exf2 25. Re7 Bxc3 26. bxc3 Re8 27. Qe2 Rxe7 28. Qxe7 Qe8 29. Qxe8+ Rxe8 30. Ra2 Bxb5 31. cxb5 Re3 32. Rxf2 Rxc3 33. a4 f3 34. Kg3 Ra3 35. b6 cxb6 36. Bb5 c4 37. h4 Kg7 38. Rc2 c3 39. Kxf3 Kh6 40. Ke3 Kh5 41. Kd3 h6 42. Rh2 c2+ 43. Kd2 Kg4 44. Rg2+ Kf5 45. Rg1 g5 46. hxg5 hxg5 47. Kxc2 g4 48. Bd7+ Ke5 49. Rxg4 Kxd5 50. Bb5 Rh3 51. Rg2 Kc5 52. Kb2 d5 53. Rc2+ Kd4 54. Rd2+ Kc5 55. Rd3 Rh6 56. Kc3 Rh4 57. Rg3 Rh6 58. Kb3 Kd4 59. Rc3 Rg6 60. Rd3+ Kc5 61. Kc3 Rg4 62. Rh3 Rg6 63. Kd3 Rf6 64. Rh7 Rf3+ 65. Ke2 Rf6 66. Ke3 d4+ 67. Ke4 Re6+ 68. Kd3 Re3+ 69. Kd2 Re6 70. Rc7+ Kb4 71. Rc4+ Ka3 72. Rxd4 Rh6 1-0

[Event "55th Hoogovens it"]
[Site "Wijk aan Zee NED"]
[Date "1993.01.??"]
[Round "2.1"]
[White "Hodgson, Julian Michael"]
[Black "Piket, Jeroen"]
[Result "1-0"]
[WhiteElo "2565"]
[BlackElo "2590"]
[EventDate "1993.01.14"]
[PlyCount "95"]

1. d4 d5 2. c4 dxc4 3. Nf3 c6 4. e3 b5 5. a4 e6 6. b3 Bb4+ 7. Bd2 Bxd2+ 8. Nbxd2 c3 9. Ne4 b4 10. Ne5 Nf6 11. Qf3 a5 12. Bd3 Ra7 13. Nc5 O-O 14. O-O-O Nd5 15. Qh3 g6 16. Qg3 Qc7 17. e4 Nb6 18. f4 N8d7 19. Ng4 Kg7 20. e5 Nxc5 21. dxc5 Nd5 22. h4 h5 23. Nf6 Rh8 24. Ne4 Ba6 25. Bc2 Be2 26. Rd4 Bg4 27. Nd6 Ne7 28. Be4 Raa8 29. Qf2 Qa7 30. Rd3 Rad8 31. Re1 Rd7 32. Qd4 Rhd8 33. Qc4 Kf8 34. Rd4 Kg7 35. Re3 Nd5 36. Re1 Ne7 37. Bc2 Kf8 38. Bd1 Nf5 39. Nxf5 gxf5 40. Rd6 Ke7 41. Bxg4 hxg4 42. Red1 Rxd6 43. exd6+ Kd7 44. Qd4 Kc8 45. h5 Qa6 46. Qe5 Kb7 47. h6 Rh8 48. d7 1-0

[Event "55th Hoogovens it"]
[Site "Wijk aan Zee NED"]
[Date "1993.01.??"]
[Round "2.2"]
[White "Piket, Jeroen"]
[Black "Hodgson, Julian Michael"]
[Result "1/2-1/2"]
[WhiteElo "2590"]
[BlackElo "2565"]
[EventDate "1993.01.14"]
[PlyCount "110"]

1. d4 Nf6 2. c4 c5 3. d5 b5 4. Nd2 bxc4 5. e4 d6 6. Bxc4 g6 7. b3 Bh6 8. Qc2 O-O 9. Ne2 e6 10. O-O Na6 11. dxe6 fxe6 12. Qd3 Nc7 13. e5 d5 14. exf6 Qxf6 15. Ne4 dxe4 16. Qxe4 Bg7 17. Bf4 Nd5 18. Bd6 Qf5 19. Qxf5 Rxf5 20. Rad1 Nb6 21. Ng3 Rf7 22. Bxc5 Nxc4 23. Rd8+ Bf8 24. bxc4 Bb7 25. Rfd1 Rxd8 26. Rxd8 Kg7 27. Bd4+ Kg8 28. Bxa7 Bxg2 29. Bc5 Bb7 30. a3 Kg7 31. Bxf8+ Rxf8 32. Rxf8 Kxf8 33. f4 e5 34. f5 Ke7 35. fxg6 hxg6 36. Kf2 Ba6 37. c5 Ke6 38. Ke3 Kd5 39. Ne4 Bc8 40. h4 Bf5 41. Nd6 Bd7 42. Nb7 Bf5 43. a4 Kc6 44. Nd8+ Kxc5 45. Nf7 Bc2 46. a5 Kb5 47. Kd2 Bb1 48. Kc1 Bd3 49. Nxe5 Be4 50. Kd2 Kxa5 51. Ke3 Bc2 52. Kf4 Kb5 53. Kg5 Kc5 54. Nxg6 Bd1 55. Ne5 Kd6 1/2-1/2

[Event "55th Hoogovens it"]
[Site "Wijk aan Zee NED"]
[Date "1993.01.??"]
[Round "2.1"]
[White "Akopian, Vladimir"]
[Black "Salov, Valery"]
[Result "1/2-1/2"]
[WhiteElo "2615"]
[BlackElo "2660"]
[EventDate "1993.01.14"]
[PlyCount "113"]

1. d4 Nf6 2. c4 e6 3. Nf3 b6 4. a3 Ba6 5. Qc2 Bb7 6. Nc3 c5 7. e4 cxd4 8. Nxd4 Bc5 9. Nb3 Nc6 10. Bf4 e5 11. Bg5 h6 12. Bh4 d6 13. O-O-O O-O 14. f3 a5 15. Qd3 g5 16. Be1 a4 17. Nxc5 dxc5 18. Qe3 Nd4 19. h4 Nh7 20. hxg5 Qxg5 21. Bf2 Kg7 22. Bd3 f6 23. Rh4 Qxe3+ 24. Bxe3 Ng5 25. Rdh1 Rh8 26. f4 exf4 27. Bxf4 Nde6 28. Bd2 Nf7 29. Bc2 Bc6 30. Nd5 Bxd5 31. exd5 Nd4 32. Bd1 Ne5 33. Bxh6+ Kf7 34. Bd2 Rxh4 35. Rxh4 Nxc4 36. Bc3 Nd6 37. Bxd4 cxd4 38. Rxd4 b5 39. Rd2 Rg8 40. Rc2 f5 41. Rc6 Ke7 42. Bf3 Rh8 43. Kc2 Rh4 44. b3 axb3+ 45. Kxb3 Rd4 46. Ra6 Rc4 47. Ra5 Rd4 48. Ra6 Rc4 49. Rb6 Rd4 50. Rb8 Kf6 51. Ra8 Ke5 52. Ra7 Rc4 53. Re7+ Kd4 54. Re1 Rc3+ 55. Kb4 Rc4+ 56. Kb3 Rc3+ 57. Kb4 1/2-1/2

[Event "55th Hoogovens it"]
[Site "Wijk aan Zee NED"]
[Date "1993.01.??"]
[Round "2.2"]
[White "Salov, Valery"]
[Black "Akopian, Vladimir"]
[Result "1-0"]
[WhiteElo "2660"]
[BlackElo "2615"]
[EventDate "1993.01.14"]
[PlyCount "85"]

1. d4 Nf6 2. Bg5 Ne4 3. Bf4 c5 4. f3 Qa5+ 5. c3 Nf6 6. Nd2 cxd4 7. Nb3 Qb6 8. Qxd4 Qxd4 9. cxd4 d5 10. e3 e6 11. g4 Nc6 12. Bb5 Bd7 13. a3 Kd8 14. Rc1 Ne8 15. Nc5 Bxc5 16. Rxc5 Ke7 17. Ne2 Nd6 18. Bd3 Rac8 19. b4 b6 20. Rc3 a5 21. b5 Na7 22. a4 Rxc3 23. Nxc3 Rc8 24. Kd2 Nc4+ 25. Kc2 f6 26. e4 dxe4 27. fxe4 Nd6 28. Kb3 Nf7 29. e5 Rh8 30. Ne4 h5 31. g5 fxg5 32. Nxg5 Nh6 33. Bc1 Nc8 34. Rf1 h4 35. h3 Rg8 36. Bh7 Rh8 37. Bg6 Be8 38. Ba3+ Kd7 39. Be4 Ne7 40. Bxe7 Kxe7 41. Rc1 Bd7 42. Rc7 Kd8 43. Rb7 1-0

[Event "55th Hoogovens it"]
[Site "Wijk aan Zee NED"]
[Date "1993.01.??"]
[Round "2.1"]
[White "Christiansen, Larry"]
[Black "Karpov, Anatoly"]
[Result "1-0"]
[WhiteElo "2620"]
[BlackElo "2725"]
[EventDate "1993.01.14"]
[PlyCount "117"]

1. d4 Nf6 2. c4 e6 3. Nc3 Bb4 4. Qb3 Qe7 5. Bg5 b6 6. a3 Bxc3+ 7. Qxc3 Bb7 8. f3 d6 9. Nh3 h6 10. Bh4 Nbd7 11. e3 c5 12. dxc5 bxc5 13. Be2 d5 14. Bf2 O-O 15. O-O Nb6 16. b3 e5 17. cxd5 Nbxd5 18. Qc2 e4 19. f4 Bc8 20. Kh1 Rb8 21. Ng1 Ng4 22. Bxg4 Bxg4 23. h3 Be6 24. Ne2 f5 25. Rfc1 Rfc8 26. Rab1 Qf7 27. Qd1 Bd7 28. Nc3 Nxc3 29. Rxc3 Be6 30. Bh4 Kh7 31. Kh2 Rb7 32. Qc2 c4 33. bxc4 Rxb1 34. Qxb1 Rxc4 35. Be1 a6 36. Qb6 Rxc3 37. Bxc3 Bc4 38. Qd4 Bd3 39. g4 fxg4 40. hxg4 Qg6 41. Qd7 Be2 42. Kg3 h5 43. g5 Bg4 44. Qe7 Bf5 45. Kh4 Bg4 46. Qf8 Be6 47. f5 Bxf5 48. Bxg7 Qe6 49. Bf6 Qd7 50. Qh6+ Kg8 51. g6 Bxg6 52. Qxg6+ Kf8 53. Qh6+ Ke8 54. Qh8+ Kf7 55. Qg7+ Ke6 56. Qxd7+ Kxd7 57. Kxh5 Ke6 58. Bd4 Kf5 59. a4 1-0

[Event "55th Hoogovens it"]
[Site "Wijk aan Zee NED"]
[Date "1993.01.??"]
[Round "2.2"]
[White "Karpov, Anatoly"]
[Black "Christiansen, Larry"]
[Result "1-0"]
[WhiteElo "2725"]
[BlackElo "2620"]
[EventDate "1993.01.14"]
[PlyCount "93"]

1. d4 Nf6 2. c4 e6 3. Nf3 b6 4. g3 Ba6 5. b3 b5 6. cxb5 Bxb5 7. Bg2 Bb4+ 8. Bd2 a5 9. O-O O-O 10. Re1 Bc6 11. a3 Be7 12. Qc2 Be4 13. Qb2 Nc6 14. Nc3 Bxf3 15. Bxf3 Nxd4 16. Bxa8 Qxa8 17. Be3 Nf5 18. Bf4 c5 19. a4 d5 20. Nb5 Rc8 21. Rac1 h6 22. Qc2 d4 23. Na3 Bd6 24. Bd2 Ne4 25. Qd3 Nxd2 26. Qxd2 c4 27. Nxc4 Bb4 28. Qd3 Bxe1 29. Nb6 Rxc1 30. Nxa8 Bb4+ 31. Kg2 Rc3 32. Qa6 d3 33. exd3 Rc2 34. Nb6 h5 35. Nc4 g5 36. Qa8+ Kg7 37. Qe4 Bc3 38. Ne3 Nxe3+ 39. Qxe3 Bf6 40. d4 Rc7 41. Qd2 Rd7 42. Qxa5 Rxd4 43. b4 Rd5 44. b5 g4 45. h3 Bd4 46. hxg4 hxg4 47. Qb4 1-0

[Event "55th Hoogovens it"]
[Site "Wijk aan Zee NED"]
[Date "1993.01.??"]
[Round "2.4"]
[White "Karpov, Anatoly"]
[Black "Christiansen, Larry"]
[Result "1-0"]
[WhiteElo "2725"]
[BlackElo "2620"]
[EventDate "1993.01.14"]
[PlyCount "77"]

1. d4 Nf6 2. c4 c5 3. d5 b5 4. cxb5 a6 5. b6 e6 6. Nc3 exd5 7. Nxd5 Nxd5 8. Qxd5 Nc6 9. Nf3 Be7 10. Ne5 O-O 11. Nxc6 dxc6 12. Qxd8 Rxd8 13. Bf4 Bf6 14. Rd1 Rd4 15. e3 Rb4 16. b3 Be6 17. Bc7 Bc3+ 18. Ke2 c4 19. bxc4 Bxc4+ 20. Kf3 Bd5+ 21. Kg3 h5 22. Be2 h4+ 23. Kh3 Be6+ 24. g4 hxg3+ 25. Kxg3 Rb2 26. Bf3 Ba5 27. Rb1 Rxa2 28. Ra1 Rc8 29. Rxa2 Bxa2 30. Kg2 Rxc7 31. bxc7 Bxc7 32. Rc1 Be5 33. Rxc6 g6 34. Rxa6 Be6 35. Ra5 Bc3 36. Rc5 Bb4 37. Rb5 Bc3 38. Bd5 Bd7 39. Rb7 1-0